01221nam a22002897a 4500003000900000005001700009008004100026040002800067041001300095044000700108100002600115245005800141250001200199260005000211300002800261520034100289650002700630650002000657650001800677908000800695930001000703942001300713945002000726980004300746999001700789952012500806AR-RoUNA20250911085938.0250508b |||||||| |||| 00| 0 spa d aAR-RoUNAbspadAR-RoUNA aspahspa aag0 aLoomis, Andrew92713313aEl dibujo de figura en todo su valor /cAndrew Loomis a6a. ed. aBuenos Aires :bLibreria Hachette S.A.,c1951 a204 p.:bdib.c30x22 cm0 a"El Dibujo de Figura en Todo su Valor" de Andrew Loomis, es un documento de referencia para artistas y estudiantes de arte que buscan mejorar sus habilidades en el dibujo de figuras humanas. El libro explora los principios fundamentales de la construcción de figuras, incluyendo proporciones, perspectiva, anatomía y composición. 4 aDibujosvIlustraciones4 aFiguras humanas4 aExpresionismo aImp e12196 2ddccLIB aMIAd2025-05-08 61aMaricel Allasia85gMaría Machado c11960d11960 00102cdu405070aAR-RoUNAbAR-RoUNAcDiseño Gráfico - Salad2025-05-08eDonl0o743:72 L863p18316tej. 1yLIBx